000 00717cam a22002531a 4500
001 sa 68007715
003 DLC
005 20260227112525.0
008 941012s1968 ii 000 0 hino
010 _asa 68007715
025 _aPL480:I-H-5591
035 _a(OCoLC)31273816
040 _aDLC
_cCU
_dCU
_dWaU
_dDLC
042 _apremarc
050 0 0 _aPK2098.28.T45
_bA7
100 1 _aMāthura, Śakunta,
_d1920-
245 1 0 _aAbhī aura kucha /
_cŚakunta Māthura.
250 _a1. saṃskarṇa.
260 _aKalakattā :
_bBhāratīya Jñānapīṭha Prakāśana,
_c1968.
300 _a96 p. ;
_c22 cm.
440 0 _aLokodaya granthamālā ;
_vgranthāṅka 260
500 _aPoems.
546 _aIn Hindi.
999 _c81995
_d81995